000 00783nam a2200253 a 4500
001 BRCA_7909
005 20190320210040.0
008 170214s1963----gw-a######---#000-0#ger-#
041 _ager
044 _agw
050 4 _aNB180
_b.G68 1963
245 1 0 _aGotische Plastik in Europa
_chrsg. von Harald Busch und Bernd Lohse ; einleitung und bilderlauterungen von Hans Weigert.
260 _aFráncfort del Meno
_bUmschau
_cc1963
300 _axxvii p.
_bil., 200 láminas
_c27 cm.
440 0 _aMonumente des Abendlandes
_919560
500 _aY194
650 1 4 _aEscultura gótica
_92039
650 1 4 _aEscultura
_zEuropa
_919561
700 1 _aBusch, Harald
_eed.
_919562
700 1 _aLohse, Bernd
_eed.
_919563
700 1 _aWeigert, Hans
_910295
902 _aGFM
942 _2lcc
_cB
999 _c7581
_d7581